000 00677nam a22001817a 4500
005 20251108172337.0
008 250721s1965 xx 000 0 ara d
082 1 4 _a332.9/ريا
100 1 _aبصلة، رياض فتح الله
245 1 0 _aجرائم بطاقة الإئتمان :
_bدراسة معرفية تحليلية لمكوناتها و أساليب تزييفها و طرق التعرف عليها /
264 1 _aبيروت :
_bدار الشروق،
_c1965.
300 _a166ص
650 1 7 _aالتزوير و التزييف
650 1 7 _aبطاقات الإئتمان
650 1 7 _aالجريمة و المجرمون
942 _2ddc
_cBK
999 _c76786
_d76786